| 000 | 01502cam a22003977a 4500 | ||
|---|---|---|---|
| 003 | CHAP | ||
| 005 | 20220329141909.0 | ||
| 008 | 980428d1996 mx r 00110 spa d | ||
| 010 | _a75440 | ||
| 011 | _a76412 | ||
| 020 | _a9706207600 | ||
| 035 | _a85996 | ||
| 040 | _cCHAP | ||
| 082 | 0 | 4 |
_a302.234 _bZ3 |
| 100 | 0 | 0 |
_aZarur Osorio, Antonio E. _9123726 |
| 245 | 1 | 3 |
_aEl Estado y el modelo de televisión adoptado en México 1950-1988 _c/por Antonio E. Zarur Osorio |
| 260 |
_aMéxico, D. F. : _bUniversidad Autónoma Metropolitana. Unidad Azcapotzalco, _c1996. |
||
| 300 | _a142 p. | ||
| 410 | 2 | 1 | _aUAM. Unidad Azcapotzalco |
| 490 | 0 | _aBiblioteca de Ciencias Sociales y Humanidades. Serie administración | |
| 590 |
_aBATCH-UPD _b10 _c20130110 _lUCH01 _h0720 |
||
| 590 |
_aBATCH-UPD _b10 _c20130110 _lUCH01 _h2356 |
||
| 590 |
_aBATCH-UPD _b10 _c20130410 _lUCH01 _h0404 |
||
| 590 |
_aBATCH-UPD _b10 _c20130914 _lUCH01 _h0617 |
||
| 590 |
_aCONVERSION _b10 _c20130109 _lUCH01 _h1341 |
||
| 650 | 1 | 4 |
_aComunicación de masas. _926210 |
| 650 | 1 | 4 |
_aMedios masivos de comunicación. _974123 |
| 650 | 1 | 4 |
_aTelevisión. _9112087 |
| 810 | 0 | 0 |
_aUAM. Unidad Azcapotzalco _9115978 |
| 830 | 0 | 0 |
_aBiblioteca de Ciencias Sociales y Humanidades. Serie administración _912281 |
| 901 | _aBK | ||
| 905 | _aMayto Villalobos S. | ||
| 942 | _cLIBRO | ||
| 949 |
_a302.234 Z3 _bBC _cLIBRO _d33724000594727 _eLIBRO _h93226 _i85996 _kDonaciØn _si |
||
| 949 |
_a302.234 Z3 _bBC _cLIBRO _d33724000748687 _eLIBRO _fc.2 _h97125 _i85996 _si |
||
| 999 |
_c75440 _d75440 |
||